00460 2200169 4500001002100000005001500021035002000036245007400056100001700130250001700147300002900164260003900193082001000232084001600242020002200258600001000280INLIS00000000000086320250110094519 a0010-01250000361 aKamus Tematik 3 Bahasa :bArabic, English, Indonesian /cAprio Rabadi0 aAprio Rabadi acetakan ke-1 a106 hlm :bIlus ;c21 cm aBekasi :bUranus Publishing,c2011 a413.2 a413.2 APR k a978-602-863-750-3 4akamus